Aromatic heterocyclic chemistry / (Record no. 26121)

MARC details
000 -LEADER
fixed length control field 00993cam a22003015i 4500
003 - CONTROL NUMBER IDENTIFIER
control field EG-ScBUE
005 - DATE AND TIME OF LATEST TRANSACTION
control field 20251210092601.0
008 - FIXED-LENGTH DATA ELEMENTS--GENERAL INFORMATION
fixed length control field 910830r20041992enka f 001 0 eng d
020 ## - INTERNATIONAL STANDARD BOOK NUMBER
International Standard Book Number 0198556608
020 ## - INTERNATIONAL STANDARD BOOK NUMBER
International Standard Book Number 9780198556602
040 ## - CATALOGING SOURCE
Original cataloging agency EG-ScBUE
Language of cataloging eng
Description conventions rda
Transcribing agency EG-ScBUE
Modifying agency EG-ScBUE
082 04 - DEWEY DECIMAL CLASSIFICATION NUMBER
Classification number 547.59
Edition number 22
Item number DAV
100 1# - MAIN ENTRY--PERSONAL NAME
Personal name Davies, David T.,
Relator term author.
245 10 - TITLE STATEMENT
Title Aromatic heterocyclic chemistry /
Statement of responsibility, etc David T. Davies, SmithKline Beecham Pharmaceuticals, Harlow, Essex.
250 ## - EDITION STATEMENT
Edition statement Reprint edition.
264 #1 - PUBLICATION, DISTRIBUTION, ETC. (IMPRINT)
Place of publication, distribution, etc Oxford :
Name of publisher, distributor, etc Oxford University Press,
Date of publication, distribution, etc 2004.
300 ## - PHYSICAL DESCRIPTION
Extent 88 pages :
Other physical details illustrations ;
Dimensions 25 cm.
336 ## - CONTENT TYPE
Source rdacontent
Content type term text
Content type code txt
337 ## - MEDIA TYPE
Media type term unmediated
Source rdamedia
Media type code n
338 ## - CARRIER TYPE
Carrier type term volume
Carrier type code nc
Source rdacarrier
490 0# - SERIES STATEMENT
Series statement Oxford chemistry primers ;
Volume number/sequential designation 2
500 ## - GENERAL NOTE
General note Reprinted of 1992 edition.
500 ## - GENERAL NOTE
General note Includes index.<br/>
650 #7 - SUBJECT ADDED ENTRY--TOPICAL TERM
Topical term or geographic name as entry element Heterocyclic chemistry.
Source of heading or term BUEsh
9 (RLIN) 39611
653 ## - INDEX TERM--UNCONTROLLED
Resource For college Generalities
Arrived date list February2018
655 ## - INDEX TERM--GENRE/FORM
Form subdivision Reading book
942 ## - ADDED ENTRY ELEMENTS (KOHA)
Source of classification or shelving scheme Dewey Decimal Classification
Koha item type Book - Borrowing
Holdings
Withdrawn status Lost status Source of classification or shelving scheme Damaged status Not for loan Collection code Home library Current library Shelving location Date acquired Total Checkouts Total Renewals Full call number Barcode Date last seen Date checked out Price effective from Koha item type
    Dewey Decimal Classification     Baccah Central Library Central Library First floor 07/02/2018 1 2 547.59 DAV 000047261 10/05/2026 23/04/2026 07/02/2018 Book - Borrowing
    Dewey Decimal Classification     Baccah Central Library Central Library First floor 07/02/2018     547.59 DAV 000047262 15/07/2025   07/02/2018 Book - Borrowing